Taylor Swift - Ours Lyrics - Statistics

General Stats
  • This quiz has been taken 490 times
  • The average score is 233 of 297
Answer Stats
Answer % Correct
i
100%
is
98%
the
97%
and
96%
but
96%
you
96%
love
95%
ours
95%
who
93%
your
92%
do
91%
me
91%
that
91%
this
91%
makes
90%
my
90%
don't
88%
take
88%
about
87%
people
87%
they
87%
what
87%
at
86%
rocks
86%
things
86%
little
85%
so
85%
their
85%
throw
85%
if
84%
morning
84%
pretty
84%
shine
84%
stairs
84%
where
84%
worry
84%
elevator
83%
mind
83%
to
83%
now
82%
air
81%
buttons
81%
hard
80%
right
80%
time
80%
wanna
80%
were
80%
laugh
79%
know
78%
here
77%
it
77%
are
76%
look
76%
silence
76%
strangers
76%
we'd
75%
life
74%
theirs
74%
water's
74%
rough
73%
stares
73%
be
72%
from
72%
not
71%
vacant
70%
cause
69%
high
69%
like
69%
out
69%
stakes
65%
there's
65%
always
64%
someone
64%
mine
63%
you're
63%
disapproves
61%
up
61%
with
61%
choice
60%
else
60%
it's
60%
say
60%
seems
60%
have
59%
in
58%
judge
58%
nothing
58%
tattoos
58%
care
57%
never
57%
they'll
57%
sleeves
56%
will
56%
comes
55%
jump
54%
those
54%
verdict
54%
father
53%
jury's
53%
can't
52%
past
50%
yours
50%
ignored
49%
ghosts
48%
heart
48%
wrong
48%
gap
47%
gonna
47%
teeth
47%
what's
47%
between
46%
for
46%
smiles
46%
lip
45%
remarks
45%
any
44%
speak
44%
belong
43%
gloss
43%
hands
43%
riddles
43%
speculate
43%
snide
40%
lurking
37%
shadows
37%
song
37%
i'll
36%
tough
36%
doubt
31%
give
30%
fight
29%
faith
28%
No matching quizzes found
Score Distribution
Percent of People with Each Score
Percentile by Number Answered
Your Score History
You have not taken this quiz